MARC

LEADER 00000nam0a2200000 4500
001 101543
005 20231101214355.0
020 |a RU  |b 82-71696 
035 |a (RuTPU)RU\TPU\book\109470 
035 |a RU\TPU\book\109333 
090 |a 101543 
100 |a 20060913d1975 k y0rusy5003 ca 
101 0 |a rus 
102 |a EE 
105 |a y z 100zy 
200 1 |a Долговечность конструкций из автоклавных бетонов  |e тезисы докладов II республиканской конференции  |f Госстрой ЭССР; Научно-исследовательский институт строительства 
210 |a Таллин  |c НИИ строительства  |d 1975 
215 |a 303 с.  |c граф. 
610 1 |a бетон автоклавной обработки 
610 1 |a бетонные конструкции 
610 1 |a долговечность 
610 1 |a надежность 
675 |a 624.91  |z rus  |v 3 
712 0 2 |a Госстрой ЭССР  |2 stltpush  |3 (RuTPU)RU\TPU\col\11254  |9 24995 
712 0 2 |a Научно-исследовательский институт строительства  |2 stltpush  |3 (RuTPU)RU\TPU\col\11255  |9 24996 
712 1 2 |a Долговечность конструкций из автоклавных бетонов  |b республиканская конференция  |c доклады  |d 2 
801 0 |a RU  |b 63413507  |c 19950704  |g psbo 
801 1 |a RU  |b 63413507  |c 20060911  |g PSBO 
801 2 |a RU  |b 63413507  |c 20071016  |g PSBO 
942 |c BK